[Event "MMM"]
[Site "Galaxy Gesia 22a - Krakow"]
[Date "2022.06.17"]
[Round "4.3"]
[White "Suder, Jakub"]
[Black "Golenia, Wojciech"]
[Result "1/2-1/2"]
[BlackElo "2130"]
[WhiteElo "2306"]
[LiveChessVersion "1.4.8"]

1. c4 {[%clk 1:30:59]} e5 {[%clk 1:27:45]} 2. Nc3 {[%clk 1:31:22]} Nc6
{[%clk 1:27:52]} 3. Nf3 {[%clk 1:31:46]} f5 {[%clk 1:26:31]} 4. d4
{[%clk 1:30:34]} e4 {[%clk 1:25:56]} 5. d5 {[%clk 1:30:26]} exf3 {[%clk 1:20:50]}
6. dxc6 {[%clk 1:30:45]} bxc6 {[%clk 1:15:13]} 7. exf3 {[%clk 1:28:50]} Nf6
{[%clk 1:09:56]} 8. Bd3 {[%clk 1:27:48]} d6 {[%clk 1:09:41]} 9. Qc2
{[%clk 1:27:31]} g6 {[%clk 1:05:47]} 10. h4 {[%clk 1:25:00]} Bg7 {[%clk 1:00:50]}
11. Bg5 {[%clk 1:23:40]} Qe7+ {[%clk 0:56:58]} 12. Kf1 {[%clk 1:22:00]} O-O
{[%clk 0:53:57]} 13. Re1 {[%clk 1:21:05]} Qf7 {[%clk 0:53:16]} 14. h5
{[%clk 1:21:09]} Be6 {[%clk 0:47:57]} 15. hxg6 {[%clk 1:20:24]} hxg6
{[%clk 0:48:06]} 16. Ne2 {[%clk 1:15:24]} Rae8 {[%clk 0:42:51]} 17. Be3
{[%clk 1:11:24]} Nd7 {[%clk 0:37:26]} 18. f4 {[%clk 1:08:15]} Nf6
{[%clk 0:32:52]} 19. f3 {[%clk 1:07:18]} Bc8 {[%clk 0:27:39]} 20. Kf2
{[%clk 1:05:36]} Nd7 {[%clk 0:24:21]} 21. b4 {[%clk 1:02:23]} Qe7
{[%clk 0:19:57]} 22. Bd2 {[%clk 0:58:46]} Bf6 {[%clk 0:14:36]} 23. Nc1
{[%clk 0:55:05]} Bd4+ {[%clk 0:13:56]} 24. Kg3 {[%clk 0:53:34]} Qg7
{[%clk 0:13:04]} 25. Nb3 {[%clk 0:52:00]} Nf6 {[%clk 0:10:46]} 26. Rxe8
{[%clk 0:37:33]} Rxe8 {[%clk 0:10:06]} 27. Nxd4 {[%clk 0:33:01]} Nh5+
{[%clk 0:10:27]} 28. Rxh5 {[%clk 0:26:13]} gxh5+ {[%clk 0:09:47]} 29. Kh2
{[%clk 0:26:26]} Qxd4 {[%clk 0:07:31]} 30. Bxf5 {[%clk 0:26:18]} Bxf5
{[%clk 0:06:27]} 31. Qxf5 {[%clk 0:26:39]} 1/2-1/2

[Event "MMM"]
[Site "Galaxy Gesia 22a - Krakow"]
[Date "2022.06.17"]
[Round "4.4"]
[White "Torngren, Gustav"]
[Black "Marszalek, Maciej"]
[Result "1-0"]
[BlackElo "2287"]
[WhiteElo "2282"]
[LiveChessVersion "1.4.8"]

1. e4 {[%clk 1:25:21]} e5 {[%clk 1:29:17]} 2. Nc3 {[%clk 1:25:38]} Bc5
{[%clk 1:29:21]} 3. Nf3 {[%clk 1:25:03]} d6 {[%clk 1:25:50]} 4. d4
{[%clk 1:24:09]} exd4 {[%clk 1:25:43]} 5. Nxd4 {[%clk 1:24:20]} Nf6
{[%clk 1:24:00]} 6. Bg5 {[%clk 1:21:11]} h6 {[%clk 1:24:04]} 7. Bh4
{[%clk 1:21:05]} O-O {[%clk 1:23:50]} 8. Qd3 {[%clk 1:16:07]} Bb4
{[%clk 1:15:53]} 9. f3 {[%clk 1:14:11]} Nbd7 {[%clk 1:12:52]} 10. O-O-O
{[%clk 1:11:09]} Ne5 {[%clk 1:10:12]} 11. Qd2 {[%clk 1:11:23]} Bxc3
{[%clk 1:08:34]} 12. Qxc3 {[%clk 1:08:57]} Nxe4 {[%clk 1:05:40]} 13. Qe1
{[%clk 1:06:52]} Nf6 {[%clk 1:05:12]} 14. Be2 {[%clk 1:04:40]} Ng6
{[%clk 1:04:13]} 15. Bf2 {[%clk 1:04:52]} a6 {[%clk 0:59:44]} 16. Qd2
{[%clk 1:04:58]} Bd7 {[%clk 0:52:54]} 17. h4 {[%clk 1:04:36]} Bb5
{[%clk 0:36:23]} 18. c4 {[%clk 1:03:51]} Bd7 {[%clk 0:30:45]} 19. g4
{[%clk 1:03:09]} c5 {[%clk 0:28:19]} 20. Nc2 {[%clk 1:02:54]} Bc6
{[%clk 0:28:15]} 21. g5 {[%clk 0:56:42]} hxg5 {[%clk 0:28:16]} 22. hxg5
{[%clk 0:56:51]} Nh7 {[%clk 0:28:41]} 23. Rh5 {[%clk 0:57:03]} Re8
{[%clk 0:28:28]} 24. Be3 {[%clk 0:56:52]} Qe7 {[%clk 0:27:09]} 25. Rdh1
{[%clk 0:56:00]} Nhf8 {[%clk 0:26:48]} 26. Rf1 {[%clk 0:47:29]} Nf4
{[%clk 0:22:56]} 27. Rh2 {[%clk 0:39:09]} Nxe2+ {[%clk 0:23:12]} 28. Qxe2
{[%clk 0:39:37]} f5 {[%clk 0:22:36]} 29. gxf6 {[%clk 0:37:05]} Qxf6
{[%clk 0:23:05]} 30. Qd3 {[%clk 0:35:51]} Bd7 {[%clk 0:19:30]} 31. Rg1
{[%clk 0:32:41]} Bf5 {[%clk 0:19:38]} 32. Qd5+ {[%clk 0:32:33]} Be6
{[%clk 0:14:39]} 33. Qh5 {[%clk 0:31:52]} Bf5 {[%clk 0:14:31]} 34. Bd2
{[%clk 0:28:36]} Bg6 {[%clk 0:13:24]} 35. Qd5+ {[%clk 0:26:30]} Qf7
{[%clk 0:12:04]} 36. Qxd6 {[%clk 0:24:32]} Rad8 {[%clk 0:12:15]} 37. Qxc5
{[%clk 0:23:08]} Rc8 {[%clk 0:12:15]} 38. Qg5 {[%clk 0:21:59]} Rxc4
{[%clk 0:12:17]} 39. Bc3 {[%clk 0:22:10]} Qf4+ {[%clk 0:11:49]} 40. Qxf4
{[%clk 0:22:14]} Rxf4 {[%clk 0:12:18]} 41. Nd4 {[%clk 0:21:40]} Kf7
{[%clk 0:11:10]} 42. Rhg2 {[%clk 0:18:24]} Rc8 {[%clk 0:10:48]} 43. Kd2
{[%clk 0:18:45]} Rf6 {[%clk 0:09:18]} 44. Rg5 {[%clk 0:18:59]} Rd6
{[%clk 0:09:02]} 45. f4 {[%clk 0:18:20]} Nh7 46. R5g2 {[%clk 0:14:47]} Rg8
{[%clk 0:08:20]} 47. Ke2 {[%clk 0:14:09]} Bh5+ {[%clk 0:08:00]} 48. Kf2
{[%clk 0:14:16]} Rf6 {[%clk 0:06:46]} 49. Ne2 {[%clk 0:12:58]} Rg6
{[%clk 0:07:03]} 50. Ng3 {[%clk 0:13:12]} Bg4 {[%clk 0:06:07]} 51. Ne4
{[%clk 0:13:33]} Nf6 {[%clk 0:05:44]} 52. Ng5+ {[%clk 0:12:47]} Ke7
{[%clk 0:05:51]} 53. Rxg4 {[%clk 0:12:50]} Nxg4+ {[%clk 0:06:17]} 54. Rxg4
{[%clk 0:13:17]} Rh6 {[%clk 0:06:05]} 55. Nf3 {[%clk 0:13:23]} Kf7
{[%clk 0:05:16]} 56. Kg3 {[%clk 0:13:10]} Rh5 {[%clk 0:04:34]} 57. Ne5+
{[%clk 0:13:10]} Ke6 {[%clk 0:04:51]} 58. Ng6 {[%clk 0:09:44]} Rd8
{[%clk 0:04:54]} 59. Nh4 {[%clk 0:09:40]} Rd3+ {[%clk 0:04:41]} 60. Nf3
{[%clk 0:09:58]} Rh1 {[%clk 0:03:00]} 61. Kg2 {[%clk 0:09:26]} Rc1
{[%clk 0:03:23]} 62. Rxg7 {[%clk 0:09:19]} Kf5 {[%clk 0:03:23]} 63. Nd4+
{[%clk 0:09:11]} Ke4 {[%clk 0:03:19]} 64. Re7+ {[%clk 0:09:31]} Kd5
{[%clk 0:03:37]} 65. Ne2 {[%clk 0:07:19]} Rc2 {[%clk 0:03:36]} 66. Kf2
{[%clk 0:07:11]} Rh3 {[%clk 0:03:46]} 67. Re3 {[%clk 0:07:12]} Rh2+
{[%clk 0:03:56]} 68. Kf3 {[%clk 0:07:31]} b5 {[%clk 0:03:58]} 69. Rd3+
{[%clk 0:06:03]} Kc5 {[%clk 0:04:24]} 70. Rd2 {[%clk 0:06:16]} Rxd2
{[%clk 0:04:32]} 71. Bxd2 {[%clk 0:06:44]} Kc4 {[%clk 0:04:55]} 72. Ke3
{[%clk 0:06:47]} Rh3+ {[%clk 0:04:54]} 73. Ke4 {[%clk 0:07:13]} Rh2
{[%clk 0:05:15]} 74. b3+ {[%clk 0:07:26]} Kc5 {[%clk 0:05:43]} 75. Kd3
{[%clk 0:07:38]} b4 {[%clk 0:06:04]} 76. f5 {[%clk 0:07:24]} a5 {[%clk 0:06:10]}
77. Bf4 {[%clk 0:07:17]} Rh1 {[%clk 0:05:36]} 78. Ke4 {[%clk 0:06:11]} Re1
{[%clk 0:05:54]} 79. Be3+ {[%clk 0:06:33]} Kd6 {[%clk 0:06:22]} 80. Nc1
{[%clk 0:05:56]} Ke7 {[%clk 0:06:32]} 81. Nd3 {[%clk 0:04:30]} Re2
{[%clk 0:06:53]} 82. Nc1 {[%clk 0:04:59]} Re1 {[%clk 0:07:13]} 83. Kd3
{[%clk 0:05:28]} Kf6 {[%clk 0:07:35]} 84. Kd2 {[%clk 0:05:43]} Rf1
{[%clk 0:08:02]} 85. Bd4+ {[%clk 0:05:58]} Kxf5 {[%clk 0:08:20]} 86. Bb6
{[%clk 0:06:26]} a4 {[%clk 0:04:16]} 87. bxa4 {[%clk 0:06:52]} Ke4
{[%clk 0:04:39]} 88. a5 {[%clk 0:06:44]} Kd5 {[%clk 0:04:41]} 89. Nd3
{[%clk 0:06:08]} Kc4 90. a6 {[%clk 0:05:50]} Ra1 {[%clk 0:02:42]} 91. Nc1
{[%clk 0:05:36]} b3 {[%clk 0:02:56]} 92. Bd4 {[%clk 0:04:51]} 1-0

[Event "MMM"]
[Site "Galaxy Gesia 22a - Krakow"]
[Date "2022.06.17"]
[Round "4.5"]
[White "Thiercelin, Jerome"]
[Black "Trybus, Daniel"]
[Result "1-0"]
[BlackElo "2199"]
[WhiteElo "2016"]
[LiveChessVersion "1.4.8"]

1. d4 {[%clk 1:30:57]} Nf6 {[%clk 1:30:03]} 2. c4 {[%clk 1:31:15]} g6
{[%clk 1:30:11]} 3. Nc3 {[%clk 1:31:38]} Bg7 {[%clk 1:30:39]} 4. e4
{[%clk 1:32:00]} d6 {[%clk 1:31:08]} 5. h3 {[%clk 1:32:22]} O-O {[%clk 1:31:33]}
6. Nf3 {[%clk 1:32:47]} c5 {[%clk 1:31:58]} 7. d5 {[%clk 1:33:11]} e6
{[%clk 1:32:09]} 8. Bd3 {[%clk 1:33:35]} exd5 {[%clk 1:32:32]} 9. cxd5
{[%clk 1:33:59]} b5 {[%clk 1:27:16]} 10. Nxb5 {[%clk 1:32:05]} Nxe4
{[%clk 1:27:05]} 11. O-O {[%clk 1:31:39]} a6 {[%clk 1:26:11]} 12. Na3
{[%clk 1:31:02]} Nf6 {[%clk 1:26:08]} 13. Nc4 {[%clk 1:30:40]} Bb7
{[%clk 1:24:43]} 14. Bf4 {[%clk 1:27:57]} Ne8 {[%clk 1:19:53]} 15. Bc2
{[%clk 1:05:51]} Qc7 {[%clk 1:15:00]} 16. Ba4 {[%clk 1:01:47]} Nd7
{[%clk 1:07:46]} 17. Bxd7 {[%clk 0:53:31]} Qxd7 {[%clk 1:08:15]} 18. Nb6
{[%clk 0:53:52]} Qf5 {[%clk 1:08:38]} 19. Bg5 {[%clk 0:48:46]} Nf6
{[%clk 1:03:54]} 20. Bxf6 {[%clk 0:33:14]} Bxf6 {[%clk 1:03:21]} 21. Qb1
{[%clk 0:29:04]} Qf4 {[%clk 0:54:10]} 22. Qd3 {[%clk 0:23:03]} Rad8
{[%clk 0:52:27]} 23. Rab1 {[%clk 0:19:46]} Qb4 {[%clk 0:51:02]} 24. Nc4
{[%clk 0:19:06]} Bc8 {[%clk 0:50:33]} 25. Qb3 {[%clk 0:16:53]} Qb5
{[%clk 0:49:39]} 26. Rbe1 {[%clk 0:16:10]} Bf5 {[%clk 0:47:07]} 27. Re3
{[%clk 0:16:26]} h5 {[%clk 0:46:30]} 28. Rfe1 {[%clk 0:16:32]} Kg7
{[%clk 0:45:27]} 29. h4 {[%clk 0:13:26]} Bg4 {[%clk 0:42:16]} 30. Ng5
{[%clk 0:13:45]} Rfe8 {[%clk 0:41:18]} 31. Qxb5 {[%clk 0:11:56]} Rxe3
{[%clk 0:41:08]} 32. Qa5 {[%clk 0:11:51]} Rd3 {[%clk 0:39:05]} 33. Qc7
{[%clk 0:10:07]} Rd7 {[%clk 0:39:26]} 34. Qc6 {[%clk 0:10:23]} Rd4
{[%clk 0:39:41]} 35. Nxd6 {[%clk 0:10:23]} 1-0

[Event "MMM"]
[Site "Galaxy Gesia 22a - Krakow"]
[Date "2022.06.17"]
[Round "4.7"]
[White "Meers, Hubert"]
[Black "Kyc, Jerzy"]
[Result "1/2-1/2"]
[BlackElo "2213"]
[WhiteElo "2015"]
[LiveChessVersion "1.4.8"]

1. e4 {[%clk 1:30:59]} c5 {[%clk 1:30:54]} 2. Nf3 {[%clk 1:31:26]} d6
{[%clk 1:31:20]} 3. d4 {[%clk 1:31:53]} cxd4 {[%clk 1:31:46]} 4. Nxd4
{[%clk 1:32:21]} Nf6 {[%clk 1:32:10]} 5. Nc3 {[%clk 1:32:49]} a6 {[%clk 1:32:35]}
6. Be2 {[%clk 1:33:16]} e5 {[%clk 1:32:57]} 7. Nb3 {[%clk 1:33:43]} Be7
{[%clk 1:33:21]} 8. Bg5 {[%clk 1:34:10]} Nbd7 {[%clk 1:33:39]} 9. a4
{[%clk 1:34:36]} O-O {[%clk 1:33:06]} 10. O-O {[%clk 1:35:01]} b6
{[%clk 1:33:05]} 11. Bc4 {[%clk 1:35:28]} Bb7 {[%clk 1:33:03]} 12. Qe2
{[%clk 1:35:54]} Qc7 {[%clk 1:30:14]} 13. Nd2 {[%clk 1:36:20]} Nc5
{[%clk 1:28:27]} 14. Bxf6 {[%clk 1:34:05]} Bxf6 {[%clk 1:27:08]} 15. Bd5
{[%clk 1:31:41]} Rac8 {[%clk 1:24:41]} 16. Nc4 {[%clk 1:25:34]} Nxe4
{[%clk 1:18:59]} 17. Nxe4 {[%clk 1:23:26]} Bxd5 {[%clk 1:19:11]} 18. Ncxd6
{[%clk 1:23:47]} Bxe4 {[%clk 1:10:11]} 19. Nxe4 {[%clk 1:24:09]} Be7
{[%clk 0:53:47]} 20. Nc3 {[%clk 1:24:11]} Qc4 {[%clk 0:40:45]} 21. Qxe5
{[%clk 1:19:20]} Bf6 {[%clk 0:40:13]} 22. Qg3 {[%clk 1:19:31]} Bxc3
{[%clk 0:40:12]} 23. bxc3 {[%clk 1:18:37]} Qxc3 {[%clk 0:40:39]} 24. Qxc3
{[%clk 1:15:22]} Rxc3 {[%clk 0:41:07]} 25. Rfb1 {[%clk 1:15:30]} Rc6
{[%clk 0:41:24]} 26. Rb2 {[%clk 1:14:55]} Re8 {[%clk 0:41:33]} 27. Rab1
{[%clk 1:13:01]} Ree6 {[%clk 0:40:19]} 28. Kf1 {[%clk 1:09:26]} Kf8
{[%clk 0:40:12]} 29. Rd1 {[%clk 1:08:21]} Ke7 {[%clk 0:39:28]} 30. Rd4
{[%clk 1:07:19]} Rcd6 {[%clk 0:30:55]} 31. Rxd6 {[%clk 1:06:23]} Rxd6
{[%clk 0:31:20]} 32. Ke2 {[%clk 1:06:43]} Kd7 {[%clk 0:31:41]} 33. Rb4
{[%clk 1:03:15]} Kc6 {[%clk 0:31:21]} 34. Rc4+ {[%clk 1:02:27]} Kb7
{[%clk 0:30:50]} 35. Rf4 {[%clk 0:56:23]} f6 {[%clk 0:31:01]} 36. Re4
{[%clk 0:55:37]} Kc6 {[%clk 0:28:48]} 37. Rc4+ {[%clk 0:54:03]} Kb7
{[%clk 0:18:35]} 38. Re4 {[%clk 0:54:29]} Rd7 {[%clk 0:17:23]} 39. Ke3
{[%clk 0:41:50]} f5 {[%clk 0:11:42]} 40. Re6 {[%clk 0:42:07]} a5 {[%clk 0:10:37]}
41. c3 {[%clk 0:41:08]} g6 {[%clk 0:08:45]} 42. Ke2 {[%clk 0:39:44]} Kc7
{[%clk 0:08:34]} 43. f3 {[%clk 0:34:52]} Kb7 {[%clk 0:06:00]} 44. h4
{[%clk 0:32:30]} Kc7 {[%clk 0:05:33]} 45. g3 {[%clk 0:31:26]} Rd6
{[%clk 0:04:39]} 46. Re7+ {[%clk 0:30:30]} Rd7 {[%clk 0:05:08]} 47. Re6
{[%clk 0:30:56]} Rd6 {[%clk 0:05:30]} 48. Re7+ {[%clk 0:31:21]} Rd7
{[%clk 0:05:56]} 1/2-1/2

[Event "MMM"]
[Site "Galaxy Gesia 22a - Krakow"]
[Date "2022.06.17"]
[Round "4.8"]
[White "Chmiel, Marcin"]
[Black "Cieslak, Patryk"]
[Result "1-0"]
[BlackElo "1984"]
[WhiteElo "2207"]
[LiveChessVersion "1.4.8"]

1. c4 {[%clk 1:30:41]} c5 {[%clk 1:30:53]} 2. g3 {[%clk 1:31:00]} g6
{[%clk 1:30:30]} 3. Bg2 {[%clk 1:31:23]} Bg7 {[%clk 1:30:50]} 4. Nc3
{[%clk 1:31:48]} Nc6 {[%clk 1:31:16]} 5. a3 {[%clk 1:32:11]} a5 {[%clk 1:30:14]}
6. Nf3 {[%clk 1:30:45]} e6 {[%clk 1:30:01]} 7. d3 {[%clk 1:26:17]} Nge7
{[%clk 1:28:09]} 8. Bg5 {[%clk 1:26:40]} h6 {[%clk 1:26:27]} 9. Bd2
{[%clk 1:27:02]} O-O {[%clk 1:25:47]} 10. Rb1 {[%clk 1:26:11]} d5
{[%clk 1:24:54]} 11. Qc1 {[%clk 1:23:23]} Kh7 {[%clk 1:22:15]} 12. h4
{[%clk 1:21:59]} b6 {[%clk 1:16:09]} 13. Qc2 {[%clk 1:18:45]} dxc4
{[%clk 1:10:17]} 14. dxc4 {[%clk 1:18:20]} Bb7 {[%clk 1:10:14]} 15. Nb5
{[%clk 1:14:11]} Nf5 {[%clk 1:08:35]} 16. h5 {[%clk 1:08:15]} Ncd4
{[%clk 1:04:25]} 17. hxg6+ {[%clk 1:07:20]} fxg6 {[%clk 1:02:12]} 18. Nbxd4
{[%clk 1:06:05]} Nxd4 {[%clk 1:02:21]} 19. Nxd4 {[%clk 1:01:12]} Bxg2
{[%clk 0:59:36]} 20. Rh2 {[%clk 0:57:51]} Qxd4 {[%clk 0:55:10]} 21. Rxg2
{[%clk 0:57:48]} Rf5 {[%clk 0:51:36]} 22. Be3 {[%clk 0:48:36]} Qg4
{[%clk 0:51:12]} 23. Rh2 {[%clk 0:44:52]} Rh5 {[%clk 0:48:51]} 24. Rxh5
{[%clk 0:39:41]} Qxh5 {[%clk 0:49:19]} 25. Qe4 {[%clk 0:39:25]} Qf5
{[%clk 0:42:31]} 26. Qxf5 {[%clk 0:36:36]} gxf5 {[%clk 0:42:25]} 27. Rd1
{[%clk 0:27:15]} Bxb2 {[%clk 0:36:21]} 28. a4 {[%clk 0:26:15]} Bc3+
{[%clk 0:35:20]} 29. Kf1 {[%clk 0:26:37]} Bd4 {[%clk 0:34:54]} 30. Bxd4
{[%clk 0:25:36]} Rd8 {[%clk 0:33:39]} 31. e3 {[%clk 0:23:35]} e5 {[%clk 0:32:52]}
32. Ke2 {[%clk 0:21:46]} exd4 {[%clk 0:25:06]} 33. exd4 {[%clk 0:22:04]} cxd4
{[%clk 0:23:37]} 34. Kd3 {[%clk 0:21:26]} f4 {[%clk 0:19:04]} 35. g4
{[%clk 0:15:17]} Kg6 {[%clk 0:17:46]} 36. Rb1 {[%clk 0:08:22]} Kg5
{[%clk 0:15:39]} 37. Rxb6 {[%clk 0:08:18]} Rh8 {[%clk 0:15:38]} 38. f3
{[%clk 0:06:07]} Re8 {[%clk 0:12:52]} 39. c5 {[%clk 0:03:41]} Re3+
{[%clk 0:12:07]} 40. Kxd4 {[%clk 0:04:06]} Rxf3 {[%clk 0:12:25]} 41. c6
{[%clk 0:04:15]} Rf1 {[%clk 0:12:11]} 42. c7 {[%clk 0:01:41]} Rd1+
{[%clk 0:12:16]} 43. Ke5 {[%clk 0:01:42]} Rc1 {[%clk 0:12:28]} 44. Kd6
{[%clk 0:02:02]} Rxc7 {[%clk 0:08:27]} 45. Kxc7 {[%clk 0:02:14]} f3
{[%clk 0:08:56]} 46. Rb1 {[%clk 0:01:57]} Kxg4 {[%clk 0:09:13]} 47. Kb6
{[%clk 0:02:21]} f2 {[%clk 0:08:25]} 48. Kxa5 {[%clk 0:02:47]} Kg3
{[%clk 0:07:36]} 49. Kb4 {[%clk 0:03:06]} Kg2 50. a5 {[%clk 0:03:30]} f1=Q
{[%clk 0:08:18]} 51. Rxf1 {[%clk 0:03:54]} Kxf1 {[%clk 0:08:47]} 52. a6
{[%clk 0:04:17]} h5 {[%clk 0:09:06]} 53. a7 {[%clk 0:04:43]} h4 {[%clk 0:09:08]}
54. a8=Q {[%clk 0:05:06]} Kg1 {[%clk 0:09:33]} 55. Qh8 {[%clk 0:05:15]} h3
{[%clk 0:10:02]} 56. Qxh3 {[%clk 0:05:37]} 1-0

[Event "MMM"]
[Site "Galaxy Gesia 22a - Krakow"]
[Date "2022.06.17"]
[Round "4.9"]
[White "Melaa, Sondre"]
[Black "Kulesza, Andrzej"]
[Result "1/2-1/2"]
[BlackElo "2024"]
[WhiteElo "2178"]
[LiveChessVersion "1.4.8"]

1. d4 {[%clk 1:27:30]} Nf6 {[%clk 1:29:51]} 2. c4 {[%clk 1:27:52]} e6
{[%clk 1:28:40]} 3. Nc3 {[%clk 1:28:04]} Bb4 {[%clk 1:28:01]} 4. e3
{[%clk 1:27:45]} O-O {[%clk 1:25:09]} 5. Bd3 {[%clk 1:27:59]} c5 {[%clk 1:23:20]}
6. Nf3 {[%clk 1:27:50]} d5 {[%clk 1:19:50]} 7. cxd5 {[%clk 1:27:58]} Nxd5
{[%clk 1:19:12]} 8. Qc2 {[%clk 1:22:45]} h6 {[%clk 1:17:34]} 9. Bd2
{[%clk 1:16:04]} cxd4 {[%clk 1:08:10]} 10. Nxd4 {[%clk 1:15:50]} Na6
{[%clk 1:04:15]} 11. Bxa6 {[%clk 1:03:10]} bxa6 {[%clk 1:04:03]} 12. Nc6
{[%clk 0:59:50]} Qg5 {[%clk 0:59:01]} 13. Nxd5 {[%clk 0:59:24]} Bxd2+
{[%clk 0:59:22]} 14. Qxd2 {[%clk 0:59:42]} exd5 {[%clk 0:59:43]} 15. Qxd5
{[%clk 0:59:15]} Qxd5 {[%clk 1:00:00]} 16. Ne7+ {[%clk 0:59:38]} Kh7
{[%clk 1:00:27]} 17. Nxd5 {[%clk 0:59:59]} Bb7 {[%clk 1:00:47]} 18. Rd1
{[%clk 0:48:08]} Rad8 {[%clk 0:58:10]} 19. e4 {[%clk 0:48:25]} Rfe8
{[%clk 0:54:32]} 20. O-O {[%clk 0:48:35]} Bxd5 {[%clk 0:52:50]} 21. Rxd5
{[%clk 0:43:19]} Rxd5 {[%clk 0:51:22]} 22. exd5 {[%clk 0:43:42]} Re2
{[%clk 0:51:48]} 23. Rd1 {[%clk 0:43:47]} Rxb2 {[%clk 0:51:53]} 24. d6
{[%clk 0:42:16]} Rb8 {[%clk 0:52:15]} 25. f4 {[%clk 0:29:41]} Kg6
{[%clk 0:47:55]} 26. Rc1 {[%clk 0:25:37]} Kf6 {[%clk 0:46:04]} 27. Rc7
{[%clk 0:24:50]} Rb1+ {[%clk 0:34:15]} 28. Kf2 {[%clk 0:25:12]} Rb2+
{[%clk 0:34:41]} 29. Kf3 {[%clk 0:25:19]} Rxa2 {[%clk 0:34:55]} 30. Rxa7
{[%clk 0:24:01]} a5 {[%clk 0:28:59]} 31. f5 {[%clk 0:22:07]} Rd2 {[%clk 0:29:07]}
32. Rxa5 {[%clk 0:16:13]} Rxd6 {[%clk 0:29:28]} 1/2-1/2

[Event "MMM"]
[Site "Galaxy Gesia 22a - Krakow"]
[Date "2022.06.17"]
[Round "4.10"]
[White "Dziewonski, Dariusz"]
[Black "Janeczko, Jakub"]
[Result "1/2-1/2"]
[BlackElo "2087"]
[WhiteElo "2015"]
[LiveChessVersion "1.4.8"]

1. e4 {[%clk 1:30:58]} c5 {[%clk 1:30:59]} 2. Nf3 {[%clk 1:31:22]} Nc6
{[%clk 1:31:25]} 3. Nc3 {[%clk 1:31:48]} g6 {[%clk 1:31:50]} 4. d4
{[%clk 1:32:13]} cxd4 {[%clk 1:32:12]} 5. Nxd4 {[%clk 1:32:37]} Bg7
{[%clk 1:32:39]} 6. Be3 {[%clk 1:33:02]} Nf6 {[%clk 1:33:05]} 7. Bc4
{[%clk 1:33:26]} O-O {[%clk 1:33:31]} 8. Bb3 {[%clk 1:33:53]} Re8
{[%clk 1:33:56]} 9. O-O {[%clk 1:32:49]} d6 {[%clk 1:34:17]} 10. h3
{[%clk 1:30:07]} Na5 {[%clk 1:34:41]} 11. Qd2 {[%clk 1:25:43]} a6
{[%clk 1:34:42]} 12. Bh6 {[%clk 1:09:20]} Bh8 {[%clk 1:34:39]} 13. Rfe1
{[%clk 1:00:58]} Qc7 {[%clk 1:34:59]} 14. Nd5 {[%clk 0:54:46]} Nxd5
{[%clk 1:35:05]} 15. Bxd5 {[%clk 0:54:57]} e6 {[%clk 1:31:31]} 16. Bb3
{[%clk 0:54:56]} b5 {[%clk 1:29:58]} 17. c3 {[%clk 0:52:25]} Bb7 {[%clk 1:27:55]}
18. Nf3 {[%clk 0:49:46]} Rad8 {[%clk 1:21:58]} 19. Rad1 {[%clk 0:45:54]} Nc4
{[%clk 1:16:11]} 20. Qe2 {[%clk 0:44:22]} Nb6 {[%clk 1:09:02]} 21. Rd2
{[%clk 0:42:33]} Qc6 {[%clk 1:00:46]} 22. Red1 {[%clk 0:32:16]} Rd7
{[%clk 0:55:42]} 23. Bf4 {[%clk 0:27:29]} Red8 {[%clk 0:49:27]} 24. Bg5
{[%clk 0:26:55]} Re8 {[%clk 0:49:27]} 25. Bf4 {[%clk 0:27:14]} Red8
{[%clk 0:49:54]} 26. Bg5 {[%clk 0:27:33]} 1/2-1/2

[Event "MMM"]
[Site "Galaxy Gesia 22a - Krakow"]
[Date "2022.06.17"]
[Round "4.11"]
[White "Krawczyk, Wojciech"]
[Black "Wnek, Filip"]
[Result "1-0"]
[BlackElo "2002"]
[WhiteElo "2036"]
[LiveChessVersion "1.4.8"]

1. d4 {[%clk 1:30:42]} f5 {[%clk 1:30:12]} 2. c4 {[%clk 1:30:57]} Nf6
{[%clk 1:30:36]} 3. Nc3 {[%clk 1:31:20]} e6 {[%clk 1:31:00]} 4. Nf3
{[%clk 1:31:30]} Bb4 {[%clk 1:31:22]} 5. Bd2 {[%clk 1:31:33]} O-O
{[%clk 1:31:43]} 6. g3 {[%clk 1:31:24]} d6 {[%clk 1:32:05]} 7. Bg2
{[%clk 1:31:42]} Qe8 {[%clk 1:32:22]} 8. O-O {[%clk 1:31:52]} c6 {[%clk 1:32:21]}
9. a3 {[%clk 1:32:03]} Bxc3 {[%clk 1:31:03]} 10. Bxc3 {[%clk 1:32:14]} Ne4
{[%clk 1:31:24]} 11. Bb4 {[%clk 1:30:46]} a5 {[%clk 1:29:33]} 12. Be1
{[%clk 1:30:50]} e5 {[%clk 1:29:22]} 13. Nd2 {[%clk 1:27:18]} Nxd2
{[%clk 1:28:51]} 14. Bxd2 {[%clk 1:26:31]} e4 {[%clk 1:28:42]} 15. Qb3
{[%clk 1:19:45]} Qf7 {[%clk 1:27:19]} 16. Qc3 {[%clk 1:15:22]} Be6
{[%clk 1:27:21]} 17. Rac1 {[%clk 1:15:33]} Nd7 {[%clk 1:25:40]} 18. a4
{[%clk 1:09:31]} Nf6 {[%clk 1:24:25]} 19. f3 {[%clk 1:09:35]} Qh5
{[%clk 1:24:26]} 20. Qb3 {[%clk 1:08:47]} Rf7 {[%clk 1:22:20]} 21. Bf4
{[%clk 1:07:50]} Rd7 {[%clk 1:21:59]} 22. Qa3 {[%clk 1:03:03]} Rad8
{[%clk 1:21:47]} 23. Bd2 {[%clk 1:01:53]} Ra8 {[%clk 1:21:31]} 24. h3
{[%clk 0:59:51]} Qg6 {[%clk 1:20:56]} 25. g4 {[%clk 0:59:45]} fxg4
{[%clk 1:20:55]} 26. fxg4 {[%clk 1:00:08]} h5 {[%clk 1:18:00]} 27. g5
{[%clk 0:59:31]} Nh7 {[%clk 1:18:13]} 28. Qg3 {[%clk 0:59:10]} Bf5
{[%clk 1:13:55]} 29. d5 {[%clk 0:51:49]} c5 {[%clk 1:05:50]} 30. Rc3
{[%clk 0:51:39]} Nf8 {[%clk 1:02:40]} 31. Qf4 {[%clk 0:46:31]} Rf7
{[%clk 1:02:12]} 32. Rb3 {[%clk 0:46:51]} Ra6 {[%clk 0:59:51]} 33. Re3
{[%clk 0:44:40]} Rb6 {[%clk 0:59:41]} 34. b3 {[%clk 0:44:34]} Nd7
{[%clk 0:56:27]} 35. Bxa5 {[%clk 0:44:28]} Ra6 {[%clk 0:56:48]} 36. Bc3
{[%clk 0:44:51]} Rb6 {[%clk 0:57:04]} 37. Ba1 {[%clk 0:45:14]} Rf8
{[%clk 0:55:58]} 38. Qg3 {[%clk 0:40:03]} Re8 {[%clk 0:54:06]} 39. h4
{[%clk 0:38:35]} Ne5 {[%clk 0:53:47]} 40. Bxe5 {[%clk 0:31:43]} Rxe5
{[%clk 0:54:15]} 41. Bh3 {[%clk 0:32:02]} Kh7 {[%clk 0:53:38]} 42. Qf4
{[%clk 0:30:46]} Bxh3 {[%clk 0:53:32]} 43. Rxh3 {[%clk 0:31:11]} Qe8
{[%clk 0:53:08]} 44. Re3 {[%clk 0:30:43]} Kg8 {[%clk 0:53:26]} 45. Rf2
{[%clk 0:28:39]} Rb4 {[%clk 0:52:10]} 46. g6 {[%clk 0:27:59]} Qxg6+
{[%clk 0:46:02]} 47. Rg3 {[%clk 0:27:44]} Qe8 {[%clk 0:46:16]} 48. Qf6
{[%clk 0:19:44]} Qe7 {[%clk 0:45:36]} 49. Qg6 {[%clk 0:19:29]} e3
{[%clk 0:38:28]} 50. Rf6 {[%clk 0:18:23]} Rb6 {[%clk 0:36:35]} 51. Rgf3
{[%clk 0:14:35]} Re4 {[%clk 0:36:11]} 52. Re6 {[%clk 0:11:46]} Rg4+
{[%clk 0:34:54]} 53. Qxg4 {[%clk 0:12:07]} hxg4 {[%clk 0:35:20]} 54. Rxe7
{[%clk 0:12:29]} gxf3 {[%clk 0:35:45]} 55. Rxe3 {[%clk 0:12:53]} fxe2
{[%clk 0:36:03]} 56. Kf2 {[%clk 0:13:20]} Kf7 {[%clk 0:35:46]} 57. Kxe2
{[%clk 0:12:52]} Ra6 {[%clk 0:35:18]} 58. Kf3 {[%clk 0:12:48]} Rb6
{[%clk 0:35:32]} 59. Kg4 {[%clk 0:12:29]} Ra6 {[%clk 0:35:57]} 60. Kg5
{[%clk 0:12:41]} Rb6 {[%clk 0:34:22]} 61. Rf3+ {[%clk 0:12:58]} Kg8
{[%clk 0:34:28]} 62. Kg6 {[%clk 0:13:17]} Ra6 {[%clk 0:33:44]} 63. Re3
{[%clk 0:13:41]} Kf8 {[%clk 0:34:09]} 64. Kh7 {[%clk 0:14:04]} Ra7
{[%clk 0:34:12]} 65. Rf3+ {[%clk 0:12:42]} Ke8 {[%clk 0:34:05]} 66. h5
{[%clk 0:12:51]} b6 {[%clk 0:34:18]} 67. Kg8 {[%clk 0:12:54]} 1-0